Successful Project Management (Record no. 2123)

MARC details
000 -LEADER
fixed length control field 00342nam a22001457a 4500
008 - FIXED-LENGTH DATA ELEMENTS--GENERAL INFORMATION
fixed length control field 250306b |||||||| |||| 00| 0 eng d
020 ## - INTERNATIONAL STANDARD BOOK NUMBER
ISBN 9788131531693
100 ## - MAIN ENTRY--AUTHOR
Author Jack Gido
245 ## - TITLE STATEMENT
Title Successful Project Management
250 ## - EDITION STATEMENT
Edition statement 6th
260 ## - PUBLICATION, DISTRIBUTION, ETC. (IMPRINT)
Place of publication India
Name of publisher Cengage Learning
Date of publication 2015
300 ## - COLLATION
Pagination 516p.
942 ## - ADDED ENTRY ELEMENTS (KOHA)
Item type Books
050 ## - LIBRARY OF CONGRESS CALL NUMBER
Classification number HD 69
Item number G53
Holdings
Source of classification or shelving scheme Not for loan Permanent location Current location Date acquired Accession No. Barcode. Koha item type
Library of Congress Classification   Samuel Ogbemudia Main Library, University of Abuja Samuel Ogbemudia Main Library, University of Abuja 03/06/2025 2019/56377 2025-0309 Books